آكيتو آو أعياد رأس السنة البابلية و عقيدة الخلود و البعث بعد الموت

محفوظ في:

المؤلف الرئيسي: محمود حسين الأمين .

التنسيق: كتاب

اللغة: Undetermined

منشور في: Baghdad Journal of kulliyat al-adab 1962

سلاسل: Journal of kulliyat al-adab ,Baghdad (Vol.5)

الوسوم: إضافة وسم

لا توجد وسوم, كن أول من يضع وسما على هذه التسجيلة!

رقم الطلب: E80 AMIN

LEADER 00525nam a2200133Ia 4500
008 240404s9999||||xx |||||||||||||| ||und||
050 4 |a E80 AMIN 
100 1 |a محمود حسين الأمين . 
245 1 0 |a آكيتو آو أعياد رأس السنة البابلية و عقيدة الخلود و البعث بعد الموت  |c محمود حسين الأمين  
264 1 |a Baghdad  |b Journal of kulliyat al-adab  |c 1962 
300 |a 32  |c 25 
490 0 |a Journal of kulliyat al-adab ,Baghdad (Vol.5) 
942 |2 lcc  |c BK 
999 |c 58144  |d 58144